Normal view
MARC view
- Inmortalidad del Alma-Resurrección de los Cuerpos
Entry TÉRMINO TEMÁTICO
001 - NUMERO DE CONTROL DEL REGISTRO
- campo de control: 361173
003 - IDENTIFICADOR DEL NUMERO DE CONTROL
- campo de control: ES-SlBCS
005 - FECHA Y HORA DE LA ULTIMA TRANSACCION
- campo de control: 20210327230722.0
008 - ELEMENTOS DE LONGITUD FIJA
- campo de control de longitud fija: 210327|| aca||aabn | a|a d
040 ## - FUENTE DE LA CATALOGACION
- Agencia que crea de manera original el registro: ES-SlBCS
- Agencia que realiza la transcripción: ES-SlBCS
150 ## - ENCABEZAMIENTO - TEMÁTICO
- Encabezamiento temático: Inmortalidad del Alma-Resurrección de los Cuerpos
670 ## - FUENTE EN LA QUE SE LOCALIZARON DATOS
- Cita de la fuente: Work cat.: (ES-SlBCS)794455: Cullmann, Oscar 11288, La inmortalidad del alma o la resurrección de los cuerpos, , 1970
